HANDBOOK OF Aqueous Solubility Data : (Record no. 2137)
[ view plain ]
| 000 -LEADER | |
|---|---|
| fixed length control field | 01093naa a22003017u 4500 |
| 001 - CONTROL NUMBER | |
| control field | 04812 |
| 003 - CONTROL NUMBER IDENTIFIER | |
| control field | HDC |
| 007 - PHYSICAL DESCRIPTION FIXED FIELD--GENERAL INFORMATION | |
| fixed length control field | cr bn ---aaaaa |
| 008 - FIXED-LENGTH DATA ELEMENTS--GENERAL INFORMATION | |
| fixed length control field | 210118t2003 flu bi 000 0 eng |
| 020 ## - INTERNATIONAL STANDARD BOOK NUMBER | |
| International Standard Book Number | 0849315328 |
| 020 ## - INTERNATIONAL STANDARD BOOK NUMBER | |
| International Standard Book Number | 9780849327063 |
| 040 ## - CATALOGING SOURCE | |
| Original cataloging agency | HDC |
| 050 ## - LIBRARY OF CONGRESS CALL NUMBER | |
| Classification number | QD257.7 .H33 |
| 082 ## - DEWEY DECIMAL CLASSIFICATION NUMBER | |
| Classification number | 547.13422 |
| 245 #0 - TITLE STATEMENT | |
| Title | HANDBOOK OF Aqueous Solubility Data : |
| Remainder of title | Solubility Data / |
| Statement of responsibility, etc. | Edited by Samuel H. Yalkowsky and Yan He |
| 260 ## - PUBLICATION, DISTRIBUTION, ETC. | |
| Place of publication, distribution, etc. | Boca Raton, Florida : |
| Name of publisher, distributor, etc. | CRC Press, |
| Date of publication, distribution, etc. | ©2003 |
| 336 ## - CONTENT TYPE | |
| Content type term | text |
| Source | rdacontent |
| 337 ## - MEDIA TYPE | |
| Media type term | computer |
| Source | rdamedia |
| 338 ## - CARRIER TYPE | |
| Carrier type term | online resource |
| Source | rdacarrier |
| 500 ## - GENERAL NOTE | |
| General note | Includes bibliographical references and index. |
| 650 ## - SUBJECT ADDED ENTRY--TOPICAL TERM | |
| Topical term or geographic name entry element | Organic compounds |
| General subdivision | Solubility |
| Form subdivision | Handbooks, manuals, etc. |
| 9 (RLIN) | 5058 |
| 700 ## - ADDED ENTRY--PERSONAL NAME | |
| Personal name | He, Yan, |
| Dates associated with a name | 1970- |
| Relator term | editors |
| 9 (RLIN) | 5060 |
| 700 ## - ADDED ENTRY--PERSONAL NAME | |
| Personal name | Yalkowsky, Samuel H., |
| Fuller form of name | (Samuel Hyman), |
| Dates associated with a name | 1942- |
| Relator term | editors |
| 9 (RLIN) | 5059 |
| 856 ## - ELECTRONIC LOCATION AND ACCESS | |
| Public note | Request full-text at [email protected] |
| 942 ## - ADDED ENTRY ELEMENTS (KOHA) | |
| Source of classification or shelving scheme | Library of Congress Classification |
| 942 ## - ADDED ENTRY ELEMENTS (KOHA) | |
| Koha item type | Chapter in Books |
| 942 ## - ADDED ENTRY ELEMENTS (KOHA) | |
| Call number prefix | EBCH 000932 |
| Withdrawn status | Lost status | Source of classification or shelving scheme | Damaged status | Not for loan | Home library | Current library | Shelving location | Date acquired | Total checkouts | Full call number | Date last seen | Price effective from | Koha item type |
|---|---|---|---|---|---|---|---|---|---|---|---|---|---|
| Library of Congress Classification | Halal Development Corporation Library | Halal Development Corporation Library | Open Shelves | 24/05/2023 | EBCH 000932 | 24/05/2023 | 24/05/2023 | Chapter in Books |
